Quiz dos estados brasileiros - Mato Grosso do Sul - Statistics

Estatísticas Gerais
  • Esse quiz foi jogado 151 vezes
    147 desde o último reset
  • A pontuação média é 14 de 21
Estatísticas das Respostas
Dica Resposta % Correto
Capital Campo Grande
100%
3 cidades mais populosas Campo Grande
100%
Maior planície alagada do mundo pantanal
88%
Munícipio famoso pelo ecoturismo Bonito
86%
País com muitos imigrantes no estado e que já o ocupou durante uma guerra Paraguai
85%
3 cidades mais populosas Dourados
76%
Bebida típica feita com a erva mate tereré
76%
Juntos esses produtos agrícolas representam cerca de 50% das exportações do estado Soja
75%
Rio que marca a fronteira com São Paulo e Paraná Paraná
73%
Cantor de sertanejo universitário intérprete dos sucessos "Meteoro" e "Acordando o Prédio" Luan Santana
70%
Munícipio em que uma avenida faz a divisa com o país citado Ponta Porã
66%
Etnia indígena de forte presença no estado Guarani
61%
Objeto que supostamente sobrevoou o estádio da capital na presença de 23 mil espectadores em 1982 ovni
61%
Juntos esses produtos agrícolas representam cerca de 50% das exportações do estado Milho
60%
3 cidades mais populosas Três Lagoas
58%
Gasoduto proveniente desse país que atravessa o estado Bolívia
48%
Violeiro sertanejo famoso por "Tocando em Frente" e "Cabecinha No Ombro" Almir Sater
46%
Juntos esses produtos agrícolas representam cerca de 50% das exportações do estado Açúcar
40%
Tipo de barco imortalizado em música do cantor citado chalana
39%
Cantor e ex-integrante do grupo Secos & Molhados Ney Matogrosso
35%
Único presidente natural do estado Jânio Quadros
29%
Nenhum quiz correspondente encontrado
Distribuição das Pontuações
Porcentagem de Pessoas com Cada Pontuação
Percentil de Números Respondidos
Sua Pontuação Histórica
Você não jogou esse quiz desde o último reset